Catálogo

Vista normal Vista MARC

Entrada Personal Name

Número de registros utilizados en: 1

001 - CONTROL NUMBER

  • control field: 16856

003 - CONTROL NUMBER IDENTIFIER

  • control field: DLC

005 - DATE AND TIME OF LATEST TRANSACTION

  • control field: 20250312134902.0

008 - FIXED-LENGTH DATA ELEMENTS

  • fixed length control field: 791115n| azannaab |n aaa

010 ## - LIBRARY OF CONGRESS CONTROL NUMBER

  • LC control number: n 79131877

040 ## - CATALOGING SOURCE

  • Original cataloging agency: DLC
  • Language of cataloging: spa
  • Transcribing agency: Mx-PuUPA
  • Modifying agency: DLC
  • Description conventions: rda
  • Description conventions: Mx-PuUPA

046 ## - SPECIAL CODED DATES

  • Birth date: 19460527

100 1# - HEADING--PERSONAL NAME

  • Personal name: Gerston, Larry N.,

374 ## - OCCUPATION

  • Occupation: Autor

375 ## - GENDER

  • Gender: hombre

377 ## - ASSOCIATED LANGUAGE

  • Language code: eng

670 ## - SOURCE DATA FOUND

  • Source citation: Smorsten, K. A pref. to action, c1980 (a.e.)
  • Information found: t.p. (Larry N. Gerston, San Jose State Univ.)

670 ## - SOURCE DATA FOUND

  • Source citation: His Making public policy, c1983:
  • Information found: CIP t.p. (Larry N. Gerston) CIP data sheet (b. 5/27/46)

670 ## - SOURCE DATA FOUND

  • Source citation: Recall!, c2004:
  • Information found: t.p. (Larry N. Gerston) p. 187 (prof., pol. sci., San Jose State U.; political analyst at NBC11, San Francisco Bay area for 23 yrs.)